Filosofía cristiana / (Registro nro. 166467)

Detalles MARC
000 -LEADER
campo de control de longitud fija 00886nam a22002055i 4500
001 - NÚMERO DE CONTROL
campo de control 166467
003 - IDENTIFICADOR DE NÚMERO DE CONTROL
campo de control ES-MaACL
005 - FECHA Y HORA DE LA ÚLTIMA TRANSACCIÓN
campo de control 20230906213336.0
008 - DATOS DE LONGITUD FIJA--INFORMACIÓN GENERAL
campo de control de longitud fija 950111m18971901sp |||| | spa d
040 ## - FUENTE DE CATALOGACIÓN
Centro catalogador/agencia de origen CLM
Lengua de catalogación spa
100 1# - ENTRADA PRINCIPAL--NOMBRE DE PERSONA
Nombre de persona Torre-Isunza, Ramón.
9 (RLIN) 133315
245 10 - MENCIÓN DEL TÍTULO
Título Filosofía cristiana /
Mención de responsabilidad, etc. por Ramón Torre-Isunza.
260 ## - PUBLICACIÓN, DISTRIBUCIÓN, ETC.
Lugar de publicación, distribución, etc. Madrid :
Nombre del editor, distribuidor, etc. [s.n.],
Fecha de publicación, distribución, etc. 1897-1901 (
Fabricante Est. tip. "Sucesores de Rivadeneyra")
300 ## - DESCRIPCIÓN FÍSICA
Extensión 3 v. ;
Dimensiones 18 cm.
596 #1 - NOTA AL PIE DE IMPRENTA
NOTA AL PIE DE IMPRENTA En los tomos II y III figura como editor Felipe Gonzalez Rojas, en port. precediendo al tit.
596 #1 - NOTA AL PIE DE IMPRENTA
NOTA AL PIE DE IMPRENTA En el t. II no aparece la imprenta "Sucesores de Rivadeneyra", en su lugar aparece "Imprenta y litografía de Felipe González Rojas.
597 #1 - NOTA DE DESCRIPCIÓN FÍSICA
NOTA DE DESCRIPCIÓN FÍSICA Vol. I (XV, 381 p.) -- vol. II (413 p.) -- vol. III (312 p.)
752 ## - ENTRADA AGREGADA--NOMBRE JERÁRQUICO DEL LUGAR
País o entidad superior España -
Ciudad , Madrid
852 ## - LOCALIZACIÓN
Ubicación ES-MaACL
Número de control de estantería G-10153-10154
Nota libre -- Enc. hol.
condición física -- Falta el T. III
Existencias
Estatus retirado Estado de pérdida Estado de daño No para préstamo Colección Biblioteca de origen Biblioteca actual Ubicación en estantería Fecha de adquisición Fuente de adquisición Total de préstamos Signatura topográfica completa Código de barras Visto por última vez Precio de reemplazo Tipo de ítem Koha
        Libros del s. XIX Biblioteca del Ateneo de Madrid Biblioteca del Ateneo de Madrid Sala Pecera Planta 3 17/01/2008     G-10153-10154 1174592 23/02/2023 23/02/2023 Libro impreso antiguo